[Event "Kathmandu op"]
[Site "Kathmandu"]
[Date "2018.04.13"]
[Round "2"]
[White "Shrestha, Suman Kumar"]
[Black "Harshavardhan, GB."]
[Result "0-1"]
[WhiteElo "1671"]
[BlackElo "2119"]
[PlyCount "60"]
[EventDate "2018.04.13"]
[EventType "swiss"]
[EventRounds "9"]
[EventCountry "NEP"]
[SourceTitle "CBM 183 Extra"]
[Source "ChessBase"]
[SourceDate "2018.04.19"]
[SourceVersion "1"]
[SourceVersionDate "2018.04.19"]
[SourceQuality "1"]

1. e4 c5 2. Nf3 e6 3. d4 cxd4 4. Nxd4 a6 5. Nc3 Qc7 6. Bd3 Nf6 7. 0-0 d6 8. Kh1 Be7 9. f4 b5 10. e5 Nfd7 11. exd6 Qxd6 12. Be4 Ra7 13. Be3 Nc5 14. Bf3 Rd7 15. Qe1 0-0 16. Rd1 Qc7 17. Ne4 Nxe4 18. Bxe4 Bb7 19. Bd3 Nc6 20. Nxc6 Qxc6 21. Rg1 f5 22. Qf2 Rf6 23. h3 Rg6 24. Kh2 h5 25. Rd2 h4 26. Rgd1 Bd6 27. Bf1 Rg3 28. Qg1 g5 29. Bf2 Bxf4 30. Rxd7 Rxg2+ 0-1